000 00447nam a22001817a 4500
003 MPLRDC
005 20220104125703.0
008 210129b ||||| |||| 00| 0 eng d
020 _a7-5035-1209-1
082 _a782.886 MZD-42
100 _a熊向晖
245 _a历史的注脚
_c
250 _a一版一刷
260 _a
_b中共中央党校出版社
_c1995
300 _b
650 _a毛泽东传记
942 _cBK
_o782.886 MZD-42
999 _c29341
_d29331